How many cities can you name in Mauritius? - Statistics

General Stats
  • This quiz has been taken 62 times
  • The average score is 7 of 32
Answer Stats
Population Answer % Correct
146,737 Port Louis
98%
103,740 Beau-Bassin/Rose-Hill
43%
78,513 Curepipe
43%
105,933 Vacoas/Phoenix
41%
12,162 Grand Baie
33%
15,441 Mahébourg
33%
16,649 St. Pierre
33%
77,205 Quatre-Bornes
31%
9,323 Moka
30%
4,312 Tamarin
30%
24,298 Triolet
30%
4,437 Souillac
26%
12,244 Rose Belle
24%
21,054 Goodlands
22%
7,703 Grand Gaube
20%
9,657 Pamplemousses
20%
10,570 Surinam
20%
8,300 Port Mathurin
19%
17,574 Bambous
15%
16,178 Centre de Flacq
15%
10,643 Lalmatie
15%
10,626 Plaine Magnien
13%
2,372 Poudre d'Or
13%
11,005 Rivière du Rempart
13%
11,181 Terre Rouge
13%
12,299 Chemin Grenier
11%
15,261 Baie du Tombeau
9%
9,406 Petit Raffray
7%
7,904 Plaine des Papayes
6%
18,041 Bel Air Rivière Sèche
4%
15,621 Le Hochet
4%
7,270 Long Mountain
4%
No matching quizzes found
Score Distribution
Percent of People with Each Score
Percentile by Number Answered
Your Score History
You have not taken this quiz